00750nam a2200229 a 4500001001000000003000900010005001700019007000300036008004100039020001500080040002500095082002100120100003000141245007900171260004200250300002100292600004200313650006000355650004000415700002600455830003900481000004124DO-SdBNP20240302073952.0ta090717s1986 dr 001 0 spa d a999341039X aDO-SdBNPbspacBNPHU a923.2bS718r2221 aCassá, Roberto, d1948-10aLa reconquista de Juan Sánchez Ramírez /cJosé Miguel Soto Jiménez aSanto Domingo :bEdita Libros,c1986. a196 p. ;c22 cm.12aSÁNCHEZ RAMÍREZ, JUAN,d1762-1811 4aRepública DominicanaxHistoriayReconquista*1808-1809 4aSánchez Ramírez, Juan*1762-180812aManzano, Ramiro,eil. 0aBiografías dominicanas Tobogán